Top 50 UK Baby Girls' Names 2000 - Statistics

General Stats
  • This quiz has been taken 1,399 times
  • The average score is 30 of 50
Answer Stats
Hint Answer % Correct
17 Emma
89%
8 Olivia
88%
2 Emily
87%
4 Charlotte
84%
9 Hannah
83%
33 Sarah
83%
31 Anna
82%
34 Elizabeth
82%
5 Jessica
81%
7 Sophie
80%
26 Ella
79%
35 Amelia
78%
1 Chloe
77%
47 Lily
77%
20 Grace
74%
16 Katie
74%
36 Rachel
74%
12 Rebecca
73%
14 Amy
72%
30 Laura
72%
10 Lucy
72%
15 Ellie
71%
45 Mia
70%
6 Lauren
68%
28 Alice
67%
19 Molly
66%
41 Zoe
64%
29 Holly
61%
18 Abigail
60%
50 Daisy
59%
24 Eleanor
57%
3 Megan
57%
11 Georgia
55%
13 Bethany
53%
27 Leah
50%
43 Nicole
49%
48 Alexandra
47%
25 Jade
46%
32 Jasmine
46%
38 Phoebe
45%
37 Amber
40%
46 Imogen
32%
39 Natasha
32%
42 Paige
28%
44 Abbie
26%
23 Caitlin
26%
49 Chelsea
24%
21 Courtney
24%
22 Shannon
23%
40 Niamh
19%
No matching quizzes found
Score Distribution
Percent of People with Each Score
Percentile by Number Answered
Your Score History
You have not taken this quiz